[Event "Deutsche Ländermeisterschaft 2017"]
[Site "Hannover GER"]
[Date "2017.10.03"]
[Round "5"]
[White "Krause, Benedict"]
[Black "Sawlin, Leonid"]
[Result "1/2-1/2"]
[Termination "normal"]
[Board "1.1"]
[WhiteTitle "FM"]
[BlackTitle "FM"]
[WhiteElo "2438"]
[BlackElo "2364"]
[WhiteClock "00:29:18"]
[BlackClock "00:52:41"]
[WhiteTeam "Schleswig-Holstein"]
[BlackTeam "Berlin"]
[PlyCount "46"]
[WhiteFideId "12917990"]
[BlackFideId "4689542"]
[EventCountry "GER"]
[EventRounds "7"]
[EventType "team-swiss"]
[EventDate "2017.09.29"]

1. e4 {[%clk 1:30:57]} e6 {[%clk 1:30:13]} 2. d4 {[%clk 1:31:22]} d5 {[%clk
1:30:40]} 3. Nc3 {[%clk 1:31:47]} Bb4 {[%clk 1:31:04]} 4. e5 {[%clk 1:27:13]}
c5 {[%clk 1:31:12]} 5. Bd2 {[%clk 1:25:38]} Ne7 {[%clk 1:31:33]} 6. a3 {[%clk
1:26:04]} Bxc3 {[%clk 1:31:57]} 7. Bxc3 {[%clk 1:26:27]} Nbc6 {[%clk 1:32:21]}
8. Nf3 {[%clk 1:24:12]} b6 {[%clk 1:31:43]} 9. b4 {[%clk 1:19:43]} Qc7 {[%clk
1:21:30]} 10. bxc5 {[%clk 1:06:34]} bxc5 {[%clk 1:21:21]} 11. dxc5 {[%clk
1:05:52]} O-O {[%clk 1:20:23]} 12. Bd3 {[%clk 0:54:23]} d4 13. Nxd4 {[%clk
0:42:33]} Qxe5+ {[%clk 1:18:18]} 14. Ne2 {[%clk 0:42:27]} Qxc5 {[%clk 1:18:40]}
15. O-O {[%clk 0:42:29]} e5 {[%clk 1:09:27]} 16. Qd2 {[%clk 0:40:45]} Nd5
{[%clk 1:01:56]} 17. Rfb1 {[%clk 0:39:00]} Nxc3 {[%clk 0:57:25]} 18. Qxc3
{[%clk 0:36:22]} Qxc3 {[%clk 0:57:49]} 19. Nxc3 {[%clk 0:36:49]} Be6 {[%clk
0:57:22]} 20. Ne4 {[%clk 0:35:21]} Nd4 {[%clk 0:53:09]} 21. Nc5 {[%clk
0:30:33]} Bf5 22. c3 {[%clk 0:28:53]} Bxd3 {[%clk 0:52:15]} 23. Nxd3 {[%clk
0:29:18]} Ne2+ {[%clk 0:52:41]} 1/2-1/2

[Event "Deutsche Ländermeisterschaft 2017"]
[Site "Hannover GER"]
[Date "2017.10.03"]
[Round "5"]
[White "Schmidek, Emil"]
[Black "Parvanyan, Ashot"]
[Result "1-0"]
[Termination "normal"]
[Board "1.2"]
[WhiteTitle "FM"]
[BlackTitle "FM"]
[WhiteElo "2414"]
[BlackElo "2374"]
[WhiteClock "00:01:08"]
[BlackClock "00:00:32"]
[WhiteTeam "Berlin"]
[BlackTeam "Schleswig-Holstein"]
[PlyCount "182"]
[WhiteFideId "12908150"]
[BlackFideId "13307550"]
[EventCountry "GER"]
[EventRounds "7"]
[EventType "team-swiss"]
[EventDate "2017.09.29"]

1. e4 g6 2. d4 Bg7 3. Nc3 d6 4. f4 a6 5. Nf3 b5 6. Bd3 Nd7 7. O-O c5 8. e5 cxd4
9. Be4 dxc3 10. Bxa8 Qc7 11. Kh1 Nb6 12. Be4 Nh6 13. exd6 exd6 14. b3 O-O 15.
Be3 Re8 16. Re1 Nd7 17. Bd4 Nf6 18. Bd3 Rd8 19. Qe2 Nf5 20. Bxf5 Bxf5 21. Qf2
Rc8 22. Re2 Qa5 23. a3 b4 24. Bb6 Qb5 25. a4 Qd5 26. Qd4 Bg4 27. Rf1 h6 28. h3
Qxd4 29. Bxd4 Nh5 30. Bf2 Bxf3 31. gxf3 Nxf4 32. Re4 Nxh3 33. Rxb4 Nxf2+ 34.
Rxf2 d5 35. Rf1 d4 36. Rc4 Re8 37. Kg2 h5 38. b4 h4 39. Rf2 Re1 40. b5 axb5 41.
axb5 Rb1 42. Rc5 Rb2 43. Rd5 Bf6 44. f4 Kg7 45. Kf3 d3 46. Rxd3 Rxb5 47. Kg4
Rb1 48. Rg2 Rh1 49. Rh3 Rd1 50. Rd3 Rh1 51. Rh3 Rb1 52. Rd3 Rb4 53. Rf2 Rc4 54.
Rff3 Rc7 55. Rfe3 Rc4 56. Rf3 Kh6 57. Rd7 Kg7 58. Rdd3 Ra4 59. Rf1 Be5 60. Rd5
f5+ 61. Kxh4 Bxf4 62. Kh3 Kh6 63. Rc5 Bd2 64. Rc8 Ra2 65. Rc6 Kh5 66. Rg1 g5
67. Rf1 g4+ 68. Kg2 Ra5 69. Rc8 Re5 70. Rh8+ Kg6 71. Rg8+ Kh7 72. Rf8 Bh6 73.
R8xf5 Re3 74. Rc5 g3 75. Rh1 Re6 76. Rxc3 Kg7 77. Kxg3 Bg5 78. Kf3 Kf6 79. Rd3
Rc6 80. Rh2 Rc4 81. c3 Rf4+ 82. Ke2 Ke6 83. Rd4 Rxd4 84. cxd4 Kd7 85. Kd3 Bf4
86. Rh7+ Kd8 87. Ke4 Bc1 88. d5 Bb2 89. Kf5 Bc3 90. Ke6 Bd4 91. d6 Bc3 1-0

[Event "Deutsche Ländermeisterschaft 2017"]
[Site "Hannover GER"]
[Date "2017.10.03"]
[Round "5"]
[White "Kololli, Martin"]
[Black "Lagunow, Raphael"]
[Result "1/2-1/2"]
[Termination "normal"]
[Board "1.3"]
[BlackTitle "FM"]
[WhiteElo "2299"]
[BlackElo "2357"]
[WhiteClock "00:15:02"]
[BlackClock "00:00:58"]
[WhiteTeam "Schleswig-Holstein"]
[BlackTeam "Berlin"]
[PlyCount "62"]
[WhiteFideId "12936910"]
[BlackFideId "24652644"]
[EventCountry "GER"]
[EventRounds "7"]
[EventType "team-swiss"]
[EventDate "2017.09.29"]

1. f4 {[%clk 1:30:57]} Nh6 {[%clk 1:30:51]} 2. Nf3 {[%clk 1:31:14]} d5 {[%clk
1:31:03]} 3. d3 {[%clk 1:30:20]} g6 {[%clk 1:29:05]} 4. g3 {[%clk 1:30:36]} Bg7
{[%clk 1:29:28]} 5. Bg2 {[%clk 1:30:56]} O-O {[%clk 1:29:19]} 6. O-O {[%clk
1:30:52]} d4 {[%clk 1:29:25]} 7. a4 {[%clk 1:28:27]} c5 {[%clk 1:26:39]} 8. Na3
{[%clk 1:27:46]} Nc6 {[%clk 1:26:44]} 9. Ng5 {[%clk 1:23:17]} Bd7 {[%clk
1:17:31]} 10. Nc4 {[%clk 1:19:28]} Nf5 {[%clk 1:07:44]} 11. Bd2 {[%clk
1:03:02]} Nd6 {[%clk 0:48:31]} 12. Nxd6 {[%clk 0:43:20]} exd6 {[%clk 0:48:53]}
13. Rb1 {[%clk 0:43:04]} h6 {[%clk 0:40:55]} 14. Ne4 {[%clk 0:40:57]} Qc7
{[%clk 0:40:25]} 15. c3 {[%clk 0:37:10]} a5 {[%clk 0:33:31]} 16. e3 {[%clk
0:33:24]} Rfe8 {[%clk 0:26:50]} 17. Re1 {[%clk 0:31:16]} f5 {[%clk 0:25:56]}
18. Nf2 {[%clk 0:31:06]} dxe3 {[%clk 0:25:55]} 19. Bxe3 {[%clk 0:29:46]} Qb6
{[%clk 0:24:29]} 20. Bd5+ {[%clk 0:25:25]} Kf8 {[%clk 0:20:19]} 21. Qb3 {[%clk
0:22:48]} Qxb3 {[%clk 0:20:10]} 22. Bxb3 {[%clk 0:23:12]} Be6 {[%clk 0:11:12]}
23. Bxe6 {[%clk 0:22:01]} Rxe6 {[%clk 0:11:14]} 24. Bd2 {[%clk 0:21:59]} Rxe1+
{[%clk 0:10:53]} 25. Rxe1 {[%clk 0:20:39]} Kf7 {[%clk 0:11:15]} 26. Nd1 {[%clk
0:19:59]} d5 {[%clk 0:07:50]} 27. Kf1 {[%clk 0:16:38]} Rd8 {[%clk 0:07:22]} 28.
Ke2 {[%clk 0:14:19]} Re8+ {[%clk 0:02:37]} 29. Kf3 {[%clk 0:14:17]} Rd8 {[%clk
0:02:26]} 30. Ke2 {[%clk 0:14:41]} Re8+ {[%clk 0:00:36]} 31. Kf3 {[%clk
0:15:02]} Rd8 {[%clk 0:00:58]} 1/2-1/2

[Event "Deutsche Ländermeisterschaft 2017"]
[Site "Hannover GER"]
[Date "2017.10.03"]
[Round "5"]
[White "Wiesner, Paula"]
[Black "Kopylov, Daniel"]
[Result "0-1"]
[Termination "normal"]
[Board "1.4"]
[WhiteElo "2013"]
[BlackElo "2243"]
[WhiteClock "00:27:05"]
[BlackClock "00:21:06"]
[WhiteTeam "Berlin"]
[BlackTeam "Schleswig-Holstein"]
[PlyCount "68"]
[WhiteFideId "24654019"]
[BlackFideId "12921971"]
[EventCountry "GER"]
[EventRounds "7"]
[EventType "team-swiss"]
[EventDate "2017.09.29"]

1. d4 {[%clk 1:30:57]} d5 {[%clk 1:30:42]} 2. c4 {[%clk 1:31:22]} e6 {[%clk
1:31:03]} 3. Nc3 {[%clk 1:31:48]} Nf6 {[%clk 1:31:13]} 4. cxd5 {[%clk 1:32:14]}
exd5 {[%clk 1:31:19]} 5. Bg5 {[%clk 1:32:35]} c6 {[%clk 1:31:33]} 6. e3 {[%clk
1:32:52]} Bf5 {[%clk 1:28:38]} 7. Qb3 {[%clk 1:29:09]} Qb6 {[%clk 1:28:41]} 8.
Qxb6 {[%clk 1:28:51]} axb6 {[%clk 1:28:57]} 9. Bxf6 {[%clk 1:27:21]} gxf6
{[%clk 1:29:16]} 10. Nf3 {[%clk 1:27:25]} b5 {[%clk 1:25:35]} 11. Nh4 {[%clk
1:23:20]} Bg6 {[%clk 1:24:03]} 12. Nxg6 {[%clk 1:23:34]} hxg6 {[%clk 1:23:57]}
13. Bd3 {[%clk 1:18:46]} Bd6 {[%clk 1:20:43]} 14. g3 {[%clk 1:15:21]} Nd7
{[%clk 1:19:24]} 15. O-O {[%clk 1:12:15]} b4 {[%clk 1:18:18]} 16. Ne2 {[%clk
1:09:44]} Ke7 {[%clk 1:14:42]} 17. Kg2 {[%clk 1:05:18]} Ra7 {[%clk 1:12:34]}
18. Bc2 {[%clk 1:02:22]} Rha8 {[%clk 1:09:43]} 19. Bb3 {[%clk 1:02:35]} Nb6
{[%clk 1:09:25]} 20. Rac1 {[%clk 1:00:36]} Nc4 {[%clk 0:54:30]} 21. Bxc4 dxc4
{[%clk 0:54:51]} 22. Rxc4 {[%clk 0:55:24]} Rxa2 {[%clk 0:55:13]} 23. Rb1 {[%clk
0:53:59]} Kd7 {[%clk 0:49:28]} 24. Nc1 {[%clk 0:50:48]} Ra1 {[%clk 0:45:30]}
25. Rxa1 {[%clk 0:50:39]} Rxa1 {[%clk 0:45:19]} 26. Nd3 {[%clk 0:48:57]} Rb1
{[%clk 0:39:56]} 27. Kf3 {[%clk 0:48:57]} Ra1 {[%clk 0:39:56]} 28. Nxb4 {[%clk
0:48:57]} b5 {[%clk 0:39:56]} 29. Nc2 {[%clk 0:48:57]} Rb1 {[%clk 0:39:56]} 30.
Rc3 {[%clk 0:48:57]} Rxb2 {[%clk 0:39:56]} 31. e4 {[%clk 0:48:57]} b4 {[%clk
0:39:56]} 32. Rc4 {[%clk 0:29:10]} b3 {[%clk 0:20:37]} 33. Ne3 {[%clk 0:27:05]}
Rxf2+ {[%clk 0:20:41]} 34. Kxf2 {[%clk 0:27:05]} b2 {[%clk 0:21:06]} 0-1

[Event "Deutsche Ländermeisterschaft 2017"]
[Site "Hannover GER"]
[Date "2017.10.03"]
[Round "5"]
[White "Köhler, Inken"]
[Black "Bui, Bao Anh Le"]
[Result "1/2-1/2"]
[Termination "normal"]
[Board "1.5"]
[WhiteElo "1893"]
[BlackElo "1896"]
[WhiteClock "00:01:52"]
[BlackClock "00:05:15"]
[WhiteTeam "Schleswig-Holstein"]
[BlackTeam "Berlin"]
[PlyCount "63"]
[WhiteFideId "12929301"]
[BlackFideId "12970719"]
[EventCountry "GER"]
[EventRounds "7"]
[EventType "team-swiss"]
[EventDate "2017.09.29"]

1. c4 {[%clk 1:30:57]} e5 {[%clk 1:30:53]} 2. Nc3 {[%clk 1:31:12]} c5 {[%clk
1:31:20]} 3. e4 {[%clk 1:30:56]} Nc6 {[%clk 1:31:16]} 4. g3 {[%clk 1:30:43]} g6
{[%clk 1:31:33]} 5. Bg2 {[%clk 1:31:00]} Bg7 {[%clk 1:31:59]} 6. Nge2 {[%clk
1:31:06]} Nge7 {[%clk 1:32:03]} 7. d3 {[%clk 1:30:48]} O-O {[%clk 1:32:15]} 8.
Rb1 {[%clk 1:30:15]} d6 {[%clk 1:32:19]} 9. a3 {[%clk 1:29:39]} a5 {[%clk
1:30:13]} 10. O-O {[%clk 1:28:12]} Be6 {[%clk 1:22:04]} 11. Nd5 {[%clk
1:23:43]} Rb8 {[%clk 1:01:49]} 12. Nec3 {[%clk 1:15:45]} Bxd5 13. exd5 {[%clk
1:06:45]} Nd4 {[%clk 0:59:17]} 14. a4 {[%clk 1:03:53]} f5 {[%clk 0:44:08]} 15.
f4 {[%clk 0:51:54]} Re8 {[%clk 0:39:44]} 16. Re1 {[%clk 0:46:49]} Kh8 {[%clk
0:37:33]} 17. Be3 {[%clk 0:33:34]} Ng8 {[%clk 0:33:48]} 18. Bxd4 {[%clk
0:32:48]} exd4 {[%clk 0:29:50]} 19. Nb5 {[%clk 0:32:36]} Qd7 {[%clk 0:28:09]}
20. Qd2 {[%clk 0:31:35]} Nh6 {[%clk 0:26:44]} 21. Qxa5 {[%clk 0:19:48]} Ng4
{[%clk 0:17:57]} 22. h3 {[%clk 0:14:24]} Rxe1+ {[%clk 0:14:54]} 23. Rxe1 {[%clk
0:14:43]} Ne3 {[%clk 0:15:20]} 24. Qc7 {[%clk 0:09:18]} Qxc7 {[%clk 0:13:40]}
25. Nxc7 {[%clk 0:09:46]} Bf6 {[%clk 0:10:41]} 26. Ne6 {[%clk 0:03:09]} Bd8
{[%clk 0:08:27]} 27. Nxd8 {[%clk 0:03:12]} Rxd8 {[%clk 0:08:56]} 28. Rc1 {[%clk
0:03:33]} Ra8 {[%clk 0:07:56]} 29. b3 {[%clk 0:03:41]} Kg7 {[%clk 0:07:16]} 30.
Bf3 {[%clk 0:03:37]} Kf7 {[%clk 0:05:43]} 31. Kf2 {[%clk 0:03:32]} Ra6 {[%clk
0:05:15]} 32. Ke2 {[%clk 0:01:52]} 1/2-1/2

[Event "Deutsche Ländermeisterschaft 2017"]
[Site "Hannover GER"]
[Date "2017.10.03"]
[Round "5"]
[White "Farokhi, Keyvan"]
[Black "Tham, Nam"]
[Result "1-0"]
[Termination "normal"]
[Board "1.7"]
[WhiteElo "1781"]
[BlackElo "1683"]
[WhiteClock "00:22:49"]
[BlackClock "01:18:31"]
[WhiteTeam "Schleswig-Holstein"]
[BlackTeam "Berlin"]
[PlyCount "69"]
[WhiteFideId "12998630"]
[BlackFideId "12997331"]
[EventCountry "GER"]
[EventRounds "7"]
[EventType "team-swiss"]
[EventDate "2017.09.29"]

1. e4 {[%clk 1:30:57]} e5 {[%clk 1:30:56]} 2. Nf3 {[%clk 1:31:18]} Nc6 {[%clk
1:31:22]} 3. Bb5 {[%clk 1:31:38]} a6 {[%clk 1:31:47]} 4. Ba4 {[%clk 1:31:50]}
Nf6 {[%clk 1:32:13]} 5. O-O {[%clk 1:31:45]} Be7 {[%clk 1:32:39]} 6. Re1 {[%clk
1:31:58]} b5 {[%clk 1:33:03]} 7. Bb3 {[%clk 1:32:15]} O-O {[%clk 1:33:27]} 8.
h3 {[%clk 1:31:52]} d6 {[%clk 1:33:52]} 9. c3 {[%clk 1:31:46]} h6 {[%clk
1:33:21]} 10. d4 {[%clk 1:31:03]} Re8 {[%clk 1:33:41]} 11. Nbd2 {[%clk
1:30:53]} Bf8 {[%clk 1:34:02]} 12. Nf1 {[%clk 1:30:35]} g6 {[%clk 1:34:14]} 13.
Nh4 {[%clk 1:11:35]} Kg7 {[%clk 1:33:49]} 14. Bxh6+ {[%clk 1:00:30]} Kxh6
{[%clk 1:31:12]} 15. Bxf7 {[%clk 1:00:33]} g5 {[%clk 1:29:45]} 16. Bxe8 {[%clk
0:56:07]} Qxe8 {[%clk 1:29:09]} 17. Nf3 {[%clk 0:54:02]} Bg7 {[%clk 1:25:03]}
18. Qd2 {[%clk 0:43:32]} Nh7 {[%clk 1:24:57]} 19. Ng3 {[%clk 0:42:53]} Kg6
{[%clk 1:23:45]} 20. h4 {[%clk 0:39:12]} Qe7 {[%clk 1:23:12]} 21. hxg5 Nxg5
{[%clk 1:23:05]} 22. Nh4+ {[%clk 0:35:19]} Kf7 {[%clk 1:22:43]} 23. Nhf5 {[%clk
0:34:11]} Bxf5 24. Nxf5 {[%clk 0:34:34]} Qf6 {[%clk 1:23:08]} 25. dxe5 {[%clk
0:33:45]} dxe5 {[%clk 1:20:03]} 26. Qd7+ {[%clk 0:33:04]} Kf8 {[%clk 1:18:41]}
27. Nxg7 {[%clk 0:33:23]} Qxg7 {[%clk 1:19:04]} 28. Qxc6 {[%clk 0:33:34]} Rd8
{[%clk 1:19:01]} 29. Qc5+ {[%clk 0:32:46]} Kg8 {[%clk 1:19:22]} 30. Qe3 {[%clk
0:32:49]} Rf8 {[%clk 1:19:35]} 31. Qg3 {[%clk 0:31:28]} Rf6 {[%clk 1:18:54]}
32. Rad1 {[%clk 0:30:02]} Rh6 {[%clk 1:18:55]} 33. Rd8+ {[%clk 0:28:25]} Kh7
{[%clk 1:19:07]} 34. Red1 {[%clk 0:25:46]} Rg6 {[%clk 1:18:31]} 35. R1d7 {[%clk
0:22:49]} 1-0

[Event "Deutsche Ländermeisterschaft 2017"]
[Site "Hannover GER"]
[Date "2017.10.03"]
[Round "5"]
[White "Zhou, Lepu Coco"]
[Black "Bräutigam, Katerina"]
[Result "1-0"]
[Termination "normal"]
[Board "1.8"]
[WhiteElo "1585"]
[BlackElo "1115"]
[WhiteClock "00:22:02"]
[BlackClock "00:30:30"]
[WhiteTeam "Berlin"]
[BlackTeam "Schleswig-Holstein"]
[PlyCount "76"]
[WhiteFideId "16217136"]
[BlackFideId "16242980"]
[EventCountry "GER"]
[EventRounds "7"]
[EventType "team-swiss"]
[EventDate "2017.09.29"]

1. e4 {[%clk 1:30:59]} c5 {[%clk 1:30:52]} 2. Nf3 {[%clk 1:31:25]} d6 {[%clk
1:31:09]} 3. d4 {[%clk 1:31:51]} cxd4 {[%clk 1:31:28]} 4. Qxd4 {[%clk 1:32:16]}
Nc6 {[%clk 1:31:28]} 5. Bb5 {[%clk 1:32:38]} a6 {[%clk 1:30:59]} 6. Bxc6+
{[%clk 1:32:54]} bxc6 {[%clk 1:31:04]} 7. Nc3 {[%clk 1:33:05]} e5 {[%clk
1:30:54]} 8. Qd3 {[%clk 1:33:29]} h6 {[%clk 1:31:00]} 9. Be3 {[%clk 1:33:26]}
a5 {[%clk 1:30:08]} 10. O-O-O {[%clk 1:33:23]} Be7 {[%clk 1:29:54]} 11. h3
{[%clk 1:26:15]} Nf6 {[%clk 1:26:59]} 12. g4 {[%clk 1:23:48]} Nh7 {[%clk
1:22:42]} 13. Na4 {[%clk 1:13:28]} Rb8 {[%clk 1:22:13]} 14. a3 {[%clk 1:12:28]}
Bd7 {[%clk 1:07:08]} 15. Ba7 {[%clk 1:11:27]} Rb7 {[%clk 1:06:04]} 16. Qa6
{[%clk 1:10:26]} Qa8 {[%clk 1:04:44]} 17. Nb6 {[%clk 1:03:43]} Qxa7 {[%clk
1:04:19]} 18. Qxa7 {[%clk 1:04:06]} Rxa7 {[%clk 1:04:04]} 19. Nc4 {[%clk
1:04:28]} Nf6 {[%clk 1:02:34]} 20. Rhe1 {[%clk 1:04:06]} h5 {[%clk 0:45:55]}
21. g5 {[%clk 0:59:56]} Nh7 {[%clk 0:44:14]} 22. Nxd6+ {[%clk 1:00:03]} Bxd6
{[%clk 0:41:03]} 23. Rxd6 {[%clk 1:00:12]} Ke7 {[%clk 0:40:19]} 24. Red1 {[%clk
0:57:35]} f6 {[%clk 0:38:03]} 25. Nh4 {[%clk 0:53:14]} Nf8 {[%clk 0:34:09]} 26.
gxf6+ {[%clk 0:48:57]} gxf6 {[%clk 0:32:40]} 27. c4 {[%clk 0:45:52]} Rg8 {[%clk
0:28:28]} 28. R6d3 {[%clk 0:41:38]} Be6 {[%clk 0:22:02]} 29. b3 {[%clk
0:40:02]} Nd7 {[%clk 0:20:11]} 30. Kc2 {[%clk 0:35:01]} Nc5 {[%clk 0:19:12]}
31. Re3 {[%clk 0:34:42]} a4 {[%clk 0:11:20]} 32. b4 {[%clk 0:32:50]} Nb3 {[%clk
0:10:31]} 33. Kc3 {[%clk 0:29:24]} Rb7 {[%clk 0:07:08]} 34. Rdd3 {[%clk
0:24:58]} Rg1 {[%clk 0:06:10]} 35. Rg3 {[%clk 0:21:44]} Rc1+ {[%clk 0:04:27]}
36. Kb2 {[%clk 0:21:58]} Rf1 {[%clk 0:03:30]} 37. Rg7+ {[%clk 0:21:45]} Bf7
{[%clk 0:03:24]} 38. Nf5+ {[%clk 0:22:02]} Ke8 {[%clk 0:30:30]} 1-0

[Event "Deutsche Ländermeisterschaft 2017"]
[Site "Hannover GER"]
[Date "2017.10.03"]
[Round "5"]
[White "Hess, Max"]
[Black "Reuker, Jari"]
[Result "0-1"]
[Termination "normal"]
[Board "2.1"]
[WhiteElo "2251"]
[BlackElo "2335"]
[WhiteClock "00:25:01"]
[BlackClock "00:31:25"]
[WhiteTeam "Bayern"]
[BlackTeam "Niedersachsen"]
[PlyCount "88"]
[WhiteFideId "24656666"]
[BlackFideId "12909300"]
[EventCountry "GER"]
[EventRounds "7"]
[EventType "team-swiss"]
[EventDate "2017.09.29"]

1. e4 {[%clk 1:30:57]} c5 {[%clk 1:30:49]} 2. Nf3 {[%clk 1:31:21]} e6 {[%clk
1:31:11]} 3. Qe2 {[%clk 1:31:34]} Nc6 {[%clk 1:30:23]} 4. c3 {[%clk 1:31:45]}
d5 {[%clk 1:26:21]} 5. d3 {[%clk 1:31:51]} Nf6 {[%clk 1:25:15]} 6. g3 {[%clk
1:30:42]} Be7 {[%clk 1:25:00]} 7. Bg2 {[%clk 1:31:02]} b6 {[%clk 1:21:45]} 8.
e5 {[%clk 1:26:16]} Nd7 {[%clk 1:21:22]} 9. h4 {[%clk 1:26:26]} Bb7 {[%clk
1:19:33]} 10. Bf4 {[%clk 1:25:11]} b5 {[%clk 1:15:50]} 11. O-O {[%clk 1:22:44]}
h6 {[%clk 1:10:02]} 12. h5 {[%clk 1:18:53]} Qc7 {[%clk 1:04:43]} 13. Re1 {[%clk
1:17:41]} Nf8 {[%clk 0:52:33]} 14. Na3 {[%clk 1:12:54]} a6 {[%clk 0:50:30]} 15.
Nc2 {[%clk 1:08:00]} g6 {[%clk 0:40:24]} 16. g4 {[%clk 0:59:05]} O-O-O {[%clk
0:37:10]} 17. a4 {[%clk 0:52:15]} gxh5 {[%clk 0:33:02]} 18. axb5 {[%clk
0:52:04]} axb5 {[%clk 0:33:02]} 19. gxh5 {[%clk 0:52:19]} Nd7 {[%clk 0:32:27]}
20. b4 {[%clk 0:40:50]} c4 {[%clk 0:26:09]} 21. Ncd4 {[%clk 0:39:24]} Qb6
{[%clk 0:25:20]} 22. Nxc6 {[%clk 0:36:39]} Bxc6 {[%clk 0:25:35]} 23. Be3 {[%clk
0:28:04]} Qb8 {[%clk 0:24:37]} 24. Ra6 {[%clk 0:18:39]} Bb7 {[%clk 0:23:10]}
25. Ba7 {[%clk 0:14:38]} Qc7 {[%clk 0:22:54]} 26. Ra5 {[%clk 0:14:58]} Rhg8
{[%clk 0:21:46]} 27. Nd4 {[%clk 0:14:43]} cxd3 {[%clk 0:17:27]} 28. Qe3 {[%clk
0:13:44]} Qc4 {[%clk 0:15:13]} 29. f3 {[%clk 0:09:29]} Bg5 {[%clk 0:12:15]} 30.
f4 {[%clk 0:06:56]} Bh4 {[%clk 0:10:43]} 31. Rf1 {[%clk 0:03:05]} Rg3 {[%clk
0:06:20]} 32. Nxb5 {[%clk 0:01:25]} Rxg2+ {[%clk 0:03:35]} 33. Kxg2 {[%clk
0:01:22]} d4+ {[%clk 0:03:55]} 34. Kh3 {[%clk 0:01:36]} dxe3 {[%clk 0:03:22]}
35. Nd6+ {[%clk 0:02:05]} Kc7 {[%clk 0:03:46]} 36. Bxe3 {[%clk 0:01:05]} Bg2+
{[%clk 0:00:41]} 37. Kxh4 {[%clk 0:00:58]} Qc6 {[%clk 0:00:40]} 38. Rfa1 {[%clk
0:00:46]} Rb8 {[%clk 0:00:43]} 39. Nxf7 {[%clk 0:00:34]} Qf3 {[%clk 0:00:44]}
40. Ra7+ {[%clk 0:00:54]} Kc8 {[%clk 0:00:35]} 41. Nd6+ {[%clk 0:27:03]} Kd8
{[%clk 0:31:00]} 42. Rxd7+ {[%clk 0:25:29]} Kxd7 {[%clk 0:31:24]} 43. Ra7+
{[%clk 0:25:57]} Kd8 {[%clk 0:31:05]} 44. Nf7+ {[%clk 0:25:01]} Ke8 {[%clk
0:31:25]} 0-1

[Event "Deutsche Ländermeisterschaft 2017"]
[Site "Hannover GER"]
[Date "2017.10.03"]
[Round "5"]
[White "Vöge, Tobias"]
[Black "Oberhofer, Cédric"]
[Result "1-0"]
[Termination "normal"]
[Board "2.2"]
[WhiteTitle "FM"]
[WhiteElo "2188"]
[BlackElo "2229"]
[WhiteClock "00:03:35"]
[BlackClock "00:03:23"]
[WhiteTeam "Niedersachsen"]
[BlackTeam "Bayern"]
[PlyCount "65"]
[WhiteFideId "1270513"]
[BlackFideId "12941220"]
[EventCountry "GER"]
[EventRounds "7"]
[EventType "team-swiss"]
[EventDate "2017.09.29"]

1. c4 {[%clk 1:30:55]} e5 {[%clk 1:30:55]} 2. g3 {[%clk 1:31:17]} Nf6 {[%clk
1:31:12]} 3. Bg2 {[%clk 1:31:42]} d5 {[%clk 1:31:17]} 4. cxd5 {[%clk 1:32:08]}
Nxd5 {[%clk 1:31:43]} 5. Nc3 {[%clk 1:32:33]} Nb6 {[%clk 1:32:06]} 6. Nf3
{[%clk 1:32:56]} Nc6 {[%clk 1:32:24]} 7. O-O {[%clk 1:33:20]} Be7 {[%clk
1:32:45]} 8. d3 {[%clk 1:33:43]} O-O {[%clk 1:32:35]} 9. a4 {[%clk 1:34:09]} a5
{[%clk 1:31:50]} 10. Be3 {[%clk 1:34:29]} Re8 {[%clk 1:23:30]} 11. Bxb6 {[%clk
1:32:51]} cxb6 {[%clk 1:23:52]} 12. Rc1 {[%clk 1:33:09]} Be6 {[%clk 1:17:38]}
13. Nd2 {[%clk 1:33:16]} f6 {[%clk 1:14:37]} 14. Nc4 {[%clk 1:32:34]} Bc5
{[%clk 1:12:25]} 15. Nb5 {[%clk 1:27:47]} Rc8 {[%clk 1:08:08]} 16. Qb3 {[%clk
1:26:49]} Qd7 {[%clk 1:00:43]} 17. Rfd1 {[%clk 1:24:09]} Red8 {[%clk 0:58:17]}
18. Rd2 {[%clk 1:12:22]} Qf7 {[%clk 0:54:54]} 19. Qd1 {[%clk 1:08:02]} Bd5
{[%clk 0:45:20]} 20. Bxd5 {[%clk 0:30:01]} Qxd5 {[%clk 0:44:03]} 21. e3 {[%clk
0:19:09]} Ne7 {[%clk 0:38:05]} 22. d4 {[%clk 0:16:29]} exd4 {[%clk 0:28:23]}
23. Nxd4 {[%clk 0:11:34]} Qf7 {[%clk 0:26:19]} 24. Nf5 {[%clk 0:10:43]} Rxd2
{[%clk 0:25:40]} 25. Nxe7+ {[%clk 0:11:10]} Qxe7 {[%clk 0:22:59]} 26. Qxd2
{[%clk 0:10:11]} Rd8 {[%clk 0:22:59]} 27. Qc2 {[%clk 0:10:33]} Qe6 {[%clk
0:20:49]} 28. Nxa5 {[%clk 0:03:02]} bxa5 {[%clk 0:11:32]} 29. Qxc5 {[%clk
0:03:28]} b6 {[%clk 0:11:39]} 30. Qc2 {[%clk 0:03:06]} Qe5 {[%clk 0:10:20]} 31.
Qc6 {[%clk 0:02:52]} Qxb2 {[%clk 0:07:55]} 32. Qe6+ {[%clk 0:03:12]} Kh8 {[%clk
0:03:23]} 33. Rc8 {[%clk 0:03:35]} 1-0

[Event "Deutsche Ländermeisterschaft 2017"]
[Site "Hannover GER"]
[Date "2017.10.03"]
[Round "5"]
[White "Goldbeck, Lars"]
[Black "Schulze, Lara"]
[Result "1-0"]
[Termination "normal"]
[Board "2.3"]
[BlackTitle "WFM"]
[WhiteElo "2178"]
[BlackElo "2130"]
[WhiteClock "01:16:18"]
[BlackClock "00:31:53"]
[WhiteTeam "Bayern"]
[BlackTeam "Niedersachsen"]
[PlyCount "51"]
[WhiteFideId "16208188"]
[BlackFideId "12956830"]
[EventCountry "GER"]
[EventRounds "7"]
[EventType "team-swiss"]
[EventDate "2017.09.29"]

1. d4 {[%clk 1:30:57]} Nf6 {[%clk 1:30:51]} 2. c4 {[%clk 1:31:21]} e6 {[%clk
1:31:17]} 3. Nc3 {[%clk 1:31:47]} Bb4 {[%clk 1:31:42]} 4. f3 {[%clk 1:32:13]}
c5 {[%clk 1:32:07]} 5. d5 {[%clk 1:32:39]} b5 {[%clk 1:32:31]} 6. e4 {[%clk
1:33:01]} O-O {[%clk 1:32:54]} 7. Bg5 {[%clk 1:32:38]} h6 {[%clk 1:33:18]} 8.
Bh4 {[%clk 1:33:04]} exd5 {[%clk 1:32:54]} 9. cxd5 {[%clk 1:33:33]} a6 {[%clk
1:33:15]} 10. Bd3 {[%clk 1:33:12]} d6 {[%clk 1:32:55]} 11. Nge2 {[%clk
1:33:38]} Ba5 {[%clk 1:28:21]} 12. O-O {[%clk 1:33:54]} Bb6 {[%clk 1:27:39]}
13. Kh1 {[%clk 1:33:45]} Nbd7 {[%clk 1:22:09]} 14. f4 {[%clk 1:30:52]} Re8
{[%clk 1:10:48]} 15. Ng3 {[%clk 1:30:39]} c4 {[%clk 0:58:03]} 16. Bc2 {[%clk
1:30:51]} Nc5 {[%clk 0:44:43]} 17. Nh5 {[%clk 1:23:15]} Ncd7 {[%clk 0:38:54]}
18. a3 {[%clk 1:18:50]} g6 {[%clk 0:33:15]} 19. Nxf6+ Nxf6 {[%clk 0:33:40]} 20.
e5 {[%clk 1:16:17]} g5 21. fxg5 {[%clk 1:15:25]} Ng4 {[%clk 0:31:33]} 22. e6
{[%clk 1:15:20]} fxe6 {[%clk 0:31:49]} 23. Qxg4 {[%clk 1:15:42]} exd5 {[%clk
0:32:12]} 24. Qh5 {[%clk 1:15:56]} Re5 {[%clk 0:31:25]} 25. Qg6+ {[%clk
1:16:18]} Kh8 {[%clk 0:31:53]} 26. Qh7# 1-0